افادات ثبلی / (Record no. 194127)

MARC details
000 -LEADER
fixed length control field 00622nam a22001937a 4500
005 - DATE AND TIME OF LATEST TRANSACTION
control field 20221208101937.0
010 ## - LCCN (DPL NO)
LC control number UR-11777
020 ## - INTERNATIONAL STANDARD BOOK NUMBER
International Standard Book Number 9789393785510
Terms of availability 350.00
035 ## - SYSTEM CONTROL NUMBER
System control number U-10332
037 ## - SOURCE OF ACQUISITION
Source of stock number/acquisition DBAD/PUB
Stock number -
082 ## - DEWEY DECIMAL CLASSIFICATION NUMBER
Classification number 846
100 ## - MAIN ENTRY--PERSONAL NAME
Personal name الیاس الا عظمی
245 ## - TITLE STATEMENT
Title افادات ثبلی /
Statement of responsibility, etc الیاس الا عظمی
Medium ا ر د و
246 ## - VARYING FORM OF TITLE
Title proper/short title Efadat-E-Shibli /
Remainder of title by Ilyas Azmi
260 ## - PUBLICATION, DISTRIBUTION, ETC. (IMPRINT)
Place of publication, distribution, etc New Delhi
Name of publisher, distributor, etc Educational Publishing House
Date of publication, distribution, etc 2022 ء
270 ## - ADDRESS
Address H.O. D1/16, Ansari Road, Daryaganj
City New Delhi
Postal code 110002
300 ## - PHYSICAL DESCRIPTION
Extent 224 ص
Dimensions 22cm(Hb)
942 ## - ADDED ENTRY ELEMENTS (KOHA)
Source of classification or shelving scheme Dewey Decimal Classification
Item type Urdu Bks
Classification part 846
Call number suffix ا ل ی
Holdings
Withdrawn status Lost status Not for loan Collection code Home library Current library Date acquired Source of acquisition Cost, normal purchase price Full call number Barcode Copy number Cost, replacement price Koha item type
      Non-fiction Central Library Central Library 08/12/2022 DBAD/PUB 350.00 846 ا ل ی U-10332 1 350.00 Urdu Bks

© Delhi Public Library
Hit Counter
free hit counter